A szállodai concierge szerepének elemzése a szakmai trendek tükrében

Bibliográfiai részletek
Szerző: Bereczki Tamás
További közreműködők: Karakasné Dr. Morvay PhD Klára
Dokumentumtípus: Diplomadolgozat
Kulcsszavak:Front Office
Front Desk
Recepció
Concierge
Internet
Online Access:http://dolgozattar.uni-bge.hu/5131

MARC

LEADER 00000nta a2200000 i 4500
001 dolg5131
005 20160704130604.0
008 160504suuuu hu om 000 hun d
040 |a BGE Dolgozattár Repozitórium  |b hun 
041 |a hu 
100 1 |a Bereczki Tamás 
245 1 2 |a A szállodai concierge szerepének elemzése a szakmai trendek tükrében  |c Bereczki Tamás  |h [elektronikus dokumentum] 
695 |a Front Office 
695 |a Front Desk 
695 |a Recepció 
695 |a Concierge 
695 |a Internet 
700 1 |a Karakasné Dr. Morvay PhD Klára  |e ths 
856 4 0 |u http://dolgozattar.uni-bge.hu/5131/1/SZAKDOLG.pdf  |z Dokumentum-elérés